000 00737nam a2200205Ia 4500
008 130821s1961 xxua gr eng
040 _aCo-BoUCM
_bspa
041 _aeng
100 1 _aRoscoe, Edwin Scott
_9111007
245 1 0 _aProject economy
_cEdwin Scott Roscoe
260 _aHomewood (Illinois, Estados Unidos)
_bRichard D.Irwin Inc
_c1961
300 _aix, 365 páginas
_bilustraciones, gráficas
490 0 _aThe Irwin Series in Management
500 _aEjemplar No.2 es Donación Dr. Álvaro Daza Roa.
504 _aIncluye referencias bibliográficas e índices.
650 0 4 _aAnálisis económico
_98987
650 0 4 _aEconomía
_9174
942 _cLIBRO
_a7
_e1
_mR67
_2DEWEY
_h330.1
_n0
999 _c6988
_d6988